Mobile Legends Quotes 2 - Statistics

General Stats
  • This quiz has been taken 292 times
  • The average score is 7 of 15
Answer Stats
Hint Answer % Correct
"Healing for everyone!" Rafaela
90%
"Hoot hoot, doot doot, hoot hoot, doot doot~ Bluwbluwbluw!" Diggie
86%
"The world of flames is my domain!" Valir
86%
"Stay in a good mood.. everyday!" Angela
68%
"Would you like to have a drink with me?" Eudora
56%
"Combine magic with technology and you shall have true power!" Kimmy
49%
"Turn everything to darkness!" Alice
43%
"I've been away for too long, and forgotten who I was." Lunox
39%
"I will drive away the darkness." Layla
35%
"Try this Magic!" Guinevere
33%
"Fear rises, yet love stays still." Carmilla
32%
"I only fight for myself, no one else." Granger
32%
"Give me a break or you will suffer a miserable death." Yu Zhong
22%
"Let go all of the foreseen!" Thamuz
14%
"We will be invincible if we truly trust each other." Lou Yi
6%
No matching quizzes found
Score Distribution
Percent of People with Each Score
Percentile by Number Answered
Your Score History
You have not taken this quiz